skbl

Dr Suryya Kumar Bhuyan Library Web-OPAC
ডঃ সূৰ্য্য
কুমাৰ ভূঞা পুথিভঁৰাল ৱেব-অ'পেক

All Research Scholars are advised to clear the annual library fees to continue using Library Resources, Remote Access, Plagiarism Test and Library Clearance.

Cotton University Book Fair 2026

Flood in Bangladesh : (Record no. 59542)

MARC details
000 -LEADER
fixed length control field 00530nam a2200181Ia 4500
001 - CONTROL NUMBER
control field 59666
008 - FIXED-LENGTH DATA ELEMENTS--GENERAL INFORMATION
fixed length control field 160404n ii |||gr||||Z||||||465
020 ## - INTERNATIONAL STANDARD BOOK NUMBER
International Standard Book Number 987-461-109-5
082 ## - DEWEY DECIMAL CLASSIFICATION NUMBER
Classification number 551.489
100 ## - MAIN ENTRY--PERSONAL NAME
Personal name Miah,M Maniruzzaman .
245 #0 - TITLE STATEMENT
Title Flood in Bangladesh :
Remainder of title A Hydromorphological Study of the 1987 Flood /
Statement of responsibility, etc. M Maniruzzaman Miah .
Medium Textual Documents
250 ## - EDITION STATEMENT
Edition statement First--1988.
260 ## - PUBLICATION, DISTRIBUTION, ETC.
Place of publication, distribution, etc. Dhaka:
Name of publisher, distributor, etc. Gatidhara.
300 ## - PHYSICAL DESCRIPTION
Extent 107pg:
Dimensions 23cm.
653 ## - INDEX TERM--UNCONTROLLED
Uncontrolled term Flood in Bangladesh
653 ## - INDEX TERM--UNCONTROLLED
Uncontrolled term General Section
942 ## - ADDED ENTRY ELEMENTS (KOHA)
Source of classification or shelving scheme Dewey Decimal Classification
Koha item type Books
Holdings
Withdrawn status Lost status Damaged status Not for loan Collection Home library Current library Shelving location Date acquired Coded location qualifier Cost, normal purchase price Total checkouts Full call number Barcode Date last seen Copy number Price effective from Koha item type
          Dr. Suryya Kumar Bhuyan Library Dr. Suryya Kumar Bhuyan Library   04/04/2016 00000 125.00   551.489 Mi 626 Fl 2242/gift 14/01/2024 1 04/04/2016 Books

Designed and Maintained by Team SKBL
©1901-2026

Powered by Koha